000 01162nam a2200265Ia 4500
001 ebr10096113
003 CaPaEBR
006 m u
007 cr cn|||||||||
008 020604s2005 dcua sb 000 0 eng d
020 _z1597820105
040 _aCaPaEBR
_cCaPaEBR
035 _a(OCoLC)84683519
050 1 4 _aF2183
_b.P65 2005eb
245 0 4 _aThe politics of policies
_h[electronic resource] :
_beconomic and social progress in Latin America and the Caribbean, 2006 report.
260 _aWashington, D.C. :
_bInter American Development Bank ;
_aCambridge, MA :
_bHarvard University,
_c2005.
300 _ax, 290 p. :
_bill.
504 _aIncludes bibliographical references.
533 _aElectronic reproduction.
_bPalo Alto, Calif. :
_cebrary,
_d2009.
_nAvailable via World Wide Web.
_nAccess may be limited to ebrary affiliated libraries.
651 0 _aCaribbean Area
_xEconomic conditions.
651 0 _aCaribbean Area
_xSocial conditions.
655 7 _aElectronic books.
_2local
710 2 _aebrary, Inc.
856 4 0 _uhttp://site.ebrary.com/lib/rucke/Doc?id=10096113
_zAn electronic book accessible through the World Wide Web; click to view
999 _c194246
_d194246